000 00473nam a2200181Ia 4500
005 20230506105608.0
008 131103s9999 xx 000 0 und d
040 _aLoreto College
041 _aEnglish
082 _a823.91
_bCON
100 _aConrad,Joseph
245 _aTales of hearsay and last essays
_cJoseph Conrad
260 _aLondon
_bJ.M.Dent
_c1963
300 _axv,173 p.
504 _aIncludes bibliographical references
850 _aLCLIB
942 _cBK
999 _c5156
_d55635